000
00235 a2200097 4500
001
35244
100
_a
BRE, Robert C Brenner
245
_a
IBM PC Trouble shooting & repair guide
260
_a
Dehli
_b
Manish J
_c
090
_c
23355
_d
23355
942
_a
NUST-CAE
_c
M
_c
14842
999
_c
270317
_d
270317